Si Tupai kecil

Bibliographic Details
Format: Book
Published: Kuala Lumpur : Fargoes , 2005
Series:Siri tekun membaca
Subjects:

MARC

LEADER 00000cam a2200000 7i4500
001 0000000285
005 20151222.0
008 070629
020 |a 9831283171 
090 0 0 |a JF   |b MOR JAW (281) 
245 0 0 |a Si Tupai kecil 
260 |a Kuala Lumpur :   |b Fargoes ,   |c 2005 
440 |a Siri tekun membaca 
500 |a Children ages 7-9 years old (orange) 
650 0 |a Jawi 
999 |a 0000899687   |b Book   |c Children Collection   |e Cawangan Tmn. Ungku Tun Aminah 
999 |a 0000899691   |b Book   |c Children Collection   |e Cawangan Tangkak 
999 |a 0000899695   |b Book   |c Children Collection   |e Cawangan Mersing 
999 |a 0000899696   |b Book   |c Children Collection   |e Cawangan Mersing 
999 |a 0000954664   |b Book   |c Children Collection   |e Cawangan Sri Merlong 
999 |a 0000954665   |b Book   |c Children Collection   |e Cawangan Kota Tinggi 
999 |a 0000954666   |b Book   |c Children Collection   |e Cawangan Batu Pahat 
999 |a 0000954667   |b Book   |c Children Collection   |e Cawangan Bukit Gambir 
999 |a 0000988463   |b Book   |c Children Collection   |e Cawangan Taman Universiti 
999 |a 0000988464   |b Book   |c Children Collection   |e Cawangan Bandar Penawar